000 00718nam a2200217 i 4500
001 182614
003 ES-MaACL
005 20250804161019.0
008 131003s2012 sp a |||| | spa d
080 _a741.5
080 _a821.134.2-91"19"
100 1 _aMingote, Antonio,
_d1919-2012
_9240761
245 1 0 _aAntología ABC /
_cMingote.
260 _aMadrid :
_bDiario ABC,
_cD.L. 2012.
300 _a98 p. :
_bprincipalmente il. col. y n. ;
_c30 cm.
710 2 _aDiario ABC.
_91137
852 _aES-MaACL
_jA-12857
_9189530
_bR.148949
_cDEPO1
_dOlim: N-5857
_xDonación: Pilar Fernández
903 _aFernández Vera, Pilar,
_d1961-
_ednr
_949420
942 _2udc
_cMONOGRAFIA
999 _c182614
_d182614